| 000 | 01160nam a2200325 i 4500 | ||
|---|---|---|---|
| 003 | DO-SdBPM | ||
| 005 | 20260220083406.0 | ||
| 006 | a||||gr|||| 00| 0 | ||
| 007 | ta | ||
| 008 | 230621t1996 mx r| 00| 0 spa d | ||
| 020 | _a9681321189 | ||
| 040 |
_aDO-SdBPM _bspa _cBPMSU _erda _d |
||
| 082 | 0 | 4 |
_a333.72 | _bH921g 1996 _222 |
| 100 | 1 |
_a Hume, Patricia. _4aut. _eautor |
|
| 245 | 1 | 0 |
_a Guía para los niños que quieren salvar el planeta / _cPatricia Hume ; portada e ilustraciones Eduardo Hume. _b |
| 264 | 4 |
_aBuenos Aires, Argentina : _bPaidós, _c©2005 |
|
| 300 |
_a165 página ; _c23 cm. _b |
||
| 336 |
_2rdaconten _atexto _btxt |
||
| 337 |
_2rdamedia _asin medición _bn |
||
| 338 |
_2rdacarrier _avolumen _bnc |
||
| 490 | 0 |
_aTramas sociales ; _v2 |
|
| 500 | _aIncluye datos biográficos del autor en la contracubierta | ||
| 500 | _aIncluye bibliografía. | ||
| 590 | _aInventariado 2026/ VM | ||
| 650 | 7 |
_aConservación de la naturaleza _xEnseñanza _2 |
|
| 650 | 7 |
_aConservación de los recursos naturales _xEnseñanza. |
|
| 700 | 1 |
_aHume, Eduardo _eilustraciones |
|
| 910 | _aVMateo V. Control de calidad. BPMSU | ||
| 942 |
_2ddc _cBK |
||
| 999 |
_c15722 _d15722 |
||